Ray Romano Filmography - Statistics

General Stats
  • This quiz has been taken 53 times
    9 since last reset
  • The average score is 32 of 94
Answer Stats
Type Year Name % Correct
TV Show 1996-2005 Everybody Loves Raymond
86%
Film 2002 Ice Age
71%
Video Game 2006 Ice Age 2: The Meltdown
71%
Film 2016 Ice Age: Collision Course
71%
Film 2009 Ice Age: Dawn of the Dinosaurs
71%
Video Game 2009 Ice Age: Dawn of the Dinosaurs
71%
Film 2006 Ice Age: The Meltdown
71%
Film 2012 Ice Age: Continental Drift
57%
TV Show 1999, 2003 Saturday Night Live
57%
Short Film 1990 Caesar's Salad
43%
TV Show 2009-2011 Men of a Certain Age
43%
Award Show 1998 The 24th Annual People's Choice Awards
43%
Award Show 1999 The 25th Annual People's Choice Awards
43%
Film 2019 The Irishman
43%
TV Show 1998-2005 The King of Queens
43%
TV Show 1998 The Nanny
43%
TV Show 2011 The Office
43%
TV Show 2005 The Simpsons
43%
TV Show 2007 'Til Death
43%
Film 2004 95 Miles to Go
29%
TV Show 2002 All That
29%
TV Show 2002, 2004 American Idol
29%
TV Show 1990, 1991, 1994 An Evening at the Improv
29%
Film 2019 Bad Education
29%
TV Show 1999 Becker
29%
Documentary Series 2003, 2005, 2009 Biography
29%
Web Series 2023, 2025 Bookie
29%
Web Series 2023 Bupkis
29%
TV Show 2004 Canadian Idol
29%
TV Show 2020 Celebrity Family Feud
29%
TV Show 2024 Celebrity IOU
29%
TV Show 2022 Celebrity Jeopardy!
29%
TV Show 1997 Cosby
29%
Short Film 2015 Cosmic Scrat-tastrophe
29%
TV Show 2019 Crashing
29%
TV Special 2015 David Letterman: A Life on Television
29%
TV Show 1995-1997 Dr. Katz, Professional Therapist
29%
Film 2004 Eulogy
29%
Film 2024 Fly Me to the Moon
29%
TV Show 2008 Free Radio
29%
Film 2009 Funny People
29%
TV Show 2017-2019 Get Shorty
29%
Film 2006 Grilled
29%
TV Show 2008 Hannah Montana
29%
TV Show 2024-Present Hello! Hi! How Are You? Featuring the BopStars!
29%
TV Show 2013 Hollywood Game Night
29%
TV Show 1999 Hollywood Squares
29%
Film 2026 Ice Age 6
29%
TV Short 2011 Ice Age: A Mammoth Christmas
29%
Video Game 2015 Ice Age Avalanche
29%
Video Game 2012 Ice Age: Continental Drift - Arctic Games
29%
TV Short 2016 Ice Age: The Great Egg-Scapade
29%
Video Game 2013 Ice Age Village
29%
TV Show 2023 Jeopardy!
29%
Commercial 2000 Johnson & Johnson
29%
TV Show 2005 Just for Laughs
29%
TV Show 2005 Kathy Griffin: My Life on the D-List
29%
TV Show 2016 Kevin Can Wait
29%
Commercial 2005 Laughing Gas
29%
Short Film 2006 Lost Historical Films on the Ice Age Period
29%
Web Series 2021-2022 Made for Love
29%
TV Show 2006 MADtv
29%
TV Show 2006 Mafiosa
29%
TV Show 2014 Maron
29%
Commercial 2012 Mastercard
29%
Web Series 2024 No Good Deed
29%
Web Series 2020 One Day at a Time
29%
Film 2019 Paddleton
29%
TV Show 2012-2015 Parenthood
29%
Video 2003 Play Ball!: The Authentic Little League Baseball Guide to Fielding
29%
Stand-Up Special 2019 Ray Romano: Right Here, Around the Corner
29%
Film 2014 Rob the Mob
29%
Documentary TBA Romano Twins
29%
Short Film 2011 Sacks West
29%
Short Film 2011 Scrat's Continental Crack-Up: Part 2
29%
TV Show 2000-2003 Scruff
29%
TV Show 2002 Sesame Street
29%
TV Special 2025 SNL50: The Anniversary Special
29%
Documentary Series 2022, 2025 Somebody Feed Phil
29%
Film 2022 Somewhere in Queens
29%
Commercial 2004 St. Jude's Children's Hospital
29%
Film 2012 Ted
29%
Web Series 2015 The Adventures of Mr. Clown
29%
Documentary TBA The Best Pizza Is in LA
29%
Film 2025 The Best You Can
29%
Film 2017 The Big Sick
29%
TV Special 2004 The Dick Van Dyke Show Revisited
29%
Film 2008 The Grand
29%
TV Show 2007 The Knights of Prosperity
29%
Film 2008 The Last Word
29%
TV Show 2011 The Middle
29%
TV Show 2016 Vinyl
29%
Film 2004 Welcome to Mooseport
29%
TV Show 2000, 2021, 2024 Who Wants to Be a Millionaire
29%
No matching quizzes found
Score Distribution
Percent of People with Each Score
Percentile by Number Answered
Your Score History
You have not taken this quiz since the last reset